A magyar grafika és papíripar évkönyve 1960.
Uložené v:
| Médium: | Kniha |
|---|---|
| Jazyk: | Hungarian |
| Vydané: |
Budapest :
Nyomda a Papíripar és Sajtó Dolgozoinak Szakszervezete,
1959.
|
| Vydanie: | 1. kiad. |
| ISBN: |
(viaz.) |
| Fyzický popis: |
159 s. |
| Tagy: |
Pridať tag
Žiadne tagy, Buďte prvý kto otaguje tento záznam!
|
Titul je dostupný aj v ... 

MARC
| LEADER | 00000nam a22000004a 4500 | ||
|---|---|---|---|
| 001 | 000423948 | ||
| 005 | 20130626164722.0 | ||
| 008 | 130626s1959 hu e 000 0 hun d | ||
| 020 | |a (viaz.) |c Kčs 0,00 | ||
| 040 | |a SVKKK |b slo |c SVKKK |e AACR2 | ||
| 041 | 0 | |a hun | |
| 044 | |a hu |c HU | ||
| 245 | 0 | 0 | |a A magyar grafika és papíripar évkönyve 1960. |
| 250 | |a 1. kiad. | ||
| 260 | |a Budapest : |b Nyomda a Papíripar és Sajtó Dolgozoinak Szakszervezete, |c 1959. | ||
| 300 | |a 159 s. | ||
| 910 | |a svkkk | ||
| 998 | |a BK | ||
| 090 | |g SCKHL |k Sklad Hlavná 10 suterén |a I.20584 |j 273181 |i 2720423026 |s Prezenčne | ||